| 000 | 00653nam a2200229Ia 4500 | ||
|---|---|---|---|
| 003 | OSt | ||
| 005 | 20230519113112.0 | ||
| 008 | 210423s2014 xx 000 0 und d | ||
| 020 | _a978-81-265-5011-1 | ||
| 040 | _cAL | ||
| 041 | _aeng | ||
| 082 |
_a515.35 _223 _bBUTN |
||
| 100 |
_aBUTCHER (J C) _9109569 |
||
| 245 | _aNumerical methods for ordinary differential equations | ||
| 260 |
_aNew Delhi _bWiley and Sons _c2014 |
||
| 300 |
_axiv,425 _bHB |
||
| 365 |
_b3895 _cINR |
||
| 650 |
_aDifferential Equations _9109570 |
||
| 650 |
_aMathematics _9109571 |
||
| 906 | _adifferential ; equations ; methods ; Numerical ; ordinary | ||
| 942 |
_2ddc _cBK |
||
| 999 |
_c166853 _d166853 |
||